000 00553nam a2200193Ia 4500
005 20250508164859.0
008 008 250505s9999 xx 000 0 hin d
037 _aDissertations
040 _aFEDL
_beng
_cFEDL
041 _ahin
_2eng
084 _a370.19, VIS/DI
_qFEDL
100 _aVishwajeet Kumar
_9779416
245 0 _aSamajik sanvedansheel mudo ki shikshan paddhati
260 _c2004
300 _a117p.
546 _aM. Ed. Dissertation (Delhi University)
942 _cDIS
_h370.19, VIS/DI
999 _c1391767
_d1391767